Statistiken für Von Wikingern besiedelte Länder

Klicken Sie hier um das Quiz zu spielen!

Allgemein

  • Dieses Quiz wurde 281 mal gespielt
  • Das Durchschnittsergebnis liegt bei 17 aus 20

Antwortstatistiken

AbrechnungsdatumLand% Korrekt
Before 800Schweden
99%
Before 800Finnland (Ålandinseln)
98%
Before 800Norwegen
98%
Before 800Dänemark
97%
Before 800Deutschland
97%
800-900Russland
97%
800-900Island
96%
800-900Irland
95%
800-900Vereinigtes Königreich
95%
900-1000Frankreich
91%
800-900Polen
91%
Before 800Estland
90%
800-900Lettland
89%
800-900Litauen
87%
1000-Kanada
80%
900-1000Weißrussland
80%
900-1000Ukraine
74%
1000-Italien
62%
1000-Türkei / Bulgarien
47%
1000-Malta
27%

Verteilung der Resultate

Perzentil nach korrekt beantworteten Fragen

Anzahl Personen mit jedem Resultat

Ihre Resultats-Entwicklung

Sie haben dieses Quiz noch nicht gespielt